000 00307pam a2200133 a 4500
020 _c
041 _h
082 _a750.06
_bHUM
100 _aDani Humberstone.
245 _aHow to paint Abstacts
_hTextual Documents
260 _a[s.l]:
_bSearch Press,
_c2009.
300 _a64:
_bpaper.
930 _a7971
999 _c241761
_d241761